00781 2200229 4500001002100000005001500021035002000036008004100056082000800097090001800105100002100123245004100144260004400185300002300229500002200252500013500274500008100409650001600490650001800506084001400524990001300538INLIS00000000000105820260506053954 a0010-0521001058260506 g 0 dut  a929 a5.8.007 BRA o0 aBRASCAMP, E.H.B.1 aDr. S.H. Koorders /cE.H.B. Brascamp aBuitenzorg :bArchipel Drukkerij,c1920 ap. 377-504.; 21 cm ain DVD no 51/2016 aBiografi tentang S. H. Koorders (1863-1919, seorang ahli botani dari Belanda yang bekerja sebagai kurator di Herbarium Bogoriense. aOverdruk uit het Boschbouwkundig tijdschrift Tectona. Deel XIII Aflevering 5 4aBIOGRAPHIES 4aS.H. KOORDERS a929 BRA k aL8783/72